000 01476nam a2200241 i 4500
001 165252
003 ES-MaACL
005 20250822062535.0
008 021120s1907 sp |||| | spa d
080 _a75 Goya, Francisco de
245 0 0 _aMemoria acerca de los trabajos que realiza y de los fines que persigue la Real Academia de Bellas Artes de San Fernando /
_cleída por Enrique Serrano Fatigati en la sesión pública celebrada el 24 de febrero de 1907 .
_bDiscurso inaugural sobre el tema Goya y la pintura contemporánea / leído en la misma sesión por José Ramón Mélida . Letras de las canciones, cantos escolares y canto patriótico militar que se han ejecutado en la solemne fiesta de inauguración de trabajos y distribución de premios en los concursos de música y escultura.
260 _aMadrid :
_b[s.n.],
_c1907 (
_fNueva Imp. de San Francisco de Sales)
300 _a48, [6] p. ;
_c27 cm.
530 _aDisponible en formato digital.
600 1 4 _aGoya, Francisco de,
_d1746-1828
_9240353
610 2 4 _aReal Academia de Bellas Artes de San Fernando.
_96291
700 1 _aSerrano Fatigati, Enrique.
_9132669
700 1 _aMélida y Alinari, José Ramón,
_d1856-1933
_979969
852 _aES-MaACL
_jF-M-III-N(X)
_z- Enc. pasta española, conservando cub. original
_z- Enc. en un vol. facticio
856 _uhttp://bdh-rd.bne.es/viewer.vm?id=0000144401&page=1
_zBiblioteca Digital Hispánica
942 _2udc
999 _c165252
_d165252